| 000 | 00366nam a2200145Ia 4500 | ||
|---|---|---|---|
| 008 | 220217s9999||||xx |||||||||||||| ||und|| | ||
| 020 | _a9788190935661 | ||
| 082 | _a621.388 33 JAC | ||
| 100 |
_aJack, Keith _96806 |
||
| 245 | 0 | _aVideo demystified | |
| 250 | _a5th | ||
| 260 |
_aNewnes _bNew Delhi _c2010 |
||
| 300 |
_aXIX, 920p. _b795 |
||
| 650 | _aTELEVISION | ||
| 999 |
_c183866 _d183866 |
||